Operations research / (Record no. 189137)
[ view plain ]
| 000 -LEADER | |
|---|---|
| fixed length control field | 00717nam a2200229Ia 4500 |
| 005 - DATE AND TIME OF LATEST TRANSACTION | |
| control field | 20220623142227.0 |
| 008 - FIXED-LENGTH DATA ELEMENTS--GENERAL INFORMATION | |
| fixed length control field | 210716s2008 xx 000 0 und d |
| 020 ## - INTERNATIONAL STANDARD BOOK NUMBER | |
| International Standard Book Number | 9788173194733 |
| 040 ## - CATALOGING SOURCE | |
| Transcribing agency | AIMIT LIBRARY |
| 041 ## - LANGUAGE CODE | |
| Language code of text/sound track or separate title | eng |
| 082 ## - DEWEY DECIMAL CLASSIFICATION NUMBER | |
| Classification number | 003 |
| Edition number | 1 |
| Item number | RAOK |
| 100 ## - MAIN ENTRY--PERSONAL NAME | |
| Personal name | Rao K Chandrasekhara. |
| 9 (RLIN) | 44685 |
| 245 ## - TITLE STATEMENT | |
| Title | Operations research / |
| Statement of responsibility, etc. | By K.Chandrasekhara Rao; Shanti Lata Mishra. |
| 250 ## - EDITION STATEMENT | |
| Edition statement | 1st ed. |
| 260 ## - PUBLICATION, DISTRIBUTION, ETC. | |
| Place of publication, distribution, etc. | New Dehli ; |
| Name of publisher, distributor, etc. | Narisa Publishing House , |
| Date of publication, distribution, etc. | 2008. |
| 300 ## - PHYSICAL DESCRIPTION | |
| Extent | xiv,334 p. ; |
| Dimensions | 24.5 cm. |
| 650 ## - SUBJECT ADDED ENTRY--TOPICAL TERM | |
| Topical term or geographic name entry element | Mathematical background |
| 9 (RLIN) | 44686 |
| 650 ## - SUBJECT ADDED ENTRY--TOPICAL TERM | |
| Topical term or geographic name entry element | Linear programming |
| 9 (RLIN) | 44687 |
| 650 ## - SUBJECT ADDED ENTRY--TOPICAL TERM | |
| Topical term or geographic name entry element | Assignment problem |
| 9 (RLIN) | 44688 |
| 700 ## - ADDED ENTRY--PERSONAL NAME | |
| Personal name | Mishra, Shanti Lata. |
| 9 (RLIN) | 44689 |
| 942 ## - ADDED ENTRY ELEMENTS (KOHA) | |
| Source of classification or shelving scheme | Dewey Decimal Classification |
| Koha item type | Book |
| Edition | 1st |
| Call number prefix | 003 RAOK |
| Withdrawn status | Lost status | Source of classification or shelving scheme | Damaged status | Not for loan | Collection code | Home library | Current library | Shelving location | Source of acquisition | Cost, normal purchase price | Inventory number | Total Checkouts | Full call number | Barcode | Date last seen | Cost, replacement price | Price effective from | Koha item type | Date acquired |
|---|---|---|---|---|---|---|---|---|---|---|---|---|---|---|---|---|---|---|---|
| Dewey Decimal Classification | MCA | St Aloysius Institute of Management & Information Technology | St Aloysius Institute of Management & Information Technology | Operations research | Athulya Books | 285.00 | Bill no:505; Bill dt:2008-12-01 | 003 RAOK | MCA08645 | 07/21/2025 | 222.30 | 07/16/2021 | Book | ||||||
| Dewey Decimal Classification | MCA | St Aloysius Institute of Management & Information Technology | St Aloysius Institute of Management & Information Technology | Operations research | Narosa Book Distributors | 300.00 | Bill no:61962;Bill dt:2012-02-01 | 003 RAOK | MCA11731 | 07/21/2025 | 225.00 | 07/16/2021 | Book | 02/12/2025 | |||||
| Dewey Decimal Classification | MCA | St Aloysius Institute of Management & Information Technology | St Aloysius Institute of Management & Information Technology | Operations research | Narosa Book Distributors | 355.00 | Bill no:67454;Bill dt:2015-05-02 | 003 RAOK | MCA14217 | 07/21/2025 | 266.25 | 07/16/2021 | Book | 02/12/2025 | |||||
| Dewey Decimal Classification | MCA | St Aloysius Institute of Management & Information Technology | St Aloysius Institute of Management & Information Technology | Operations research | Narosa Book Distributors | 365.00 | Bill no:68348;Bill dt:2016-03-02 | 003 RAOK | MCA14855 | 07/21/2025 | 273.75 | 07/16/2021 | Book | 02/12/2025 |